| 000 | 00473nam a22001577a 4500 | ||
|---|---|---|---|
| 999 |
_c17885 _d17885 |
||
| 008 | 190916b xxu||||| |||| 00| 0 eng d | ||
| 020 | _a1585284924 | ||
| 050 |
_aRM301 _b.E45 2015 c.1 |
||
| 100 | _aEiland, Lea S. | ||
| 245 |
_aInfectious Disease Pharmacotherapy _bSelf Assessment _cLea S. Eiland |
||
| 260 |
_aWisconsin _bashp publications _c2015 |
||
| 300 | _ax, 196p. | ||
| 650 |
_aCommunicable Diseases _vDrug Therapy |
||
| 700 | _aDiane B. Ginsburg | ||
| 942 |
_2lcc _cBK |
||